000 00700nam a2200205 a 4500
001 000005722
005 20200929151747.0
008 840627s1979 mx 001 0 spa
040 _aDO-SdBNP
_bspa
_cBNPHU
082 _a972.91064
_bC355r, 1979.
100 1 _aCastro, Fidel.
_q(Fidel Alejandro Castro Ruz),
_d1926-
_916176
245 1 3 _aLa Revolución cubana /
_cFidel Castro.
246 1 3 _aLa Revolución cubana: 1953/1962.
250 _a4a ed.
260 _aMéxico :
_bEra,
_c1979.
300 _a636 p. ;
_c20 cm.
651 4 _aCuba
_xHistoria
_xLucha De La Revoluciòn
_y1959-
_916177
651 4 _aCuba
_xHistoria
_xLucha De La Revoluciòn
_y1959-1990.
_916178
910 _aCatalogación original noche
999 _c5518
_d5518